Biggest Cities that end in L with a Map - Statistics

General Stats
  • This quiz has been taken 234 times
  • The average score is 9 of 12
Answers on the Map
Answers color-coded by a green-red scale on the quiz's map according to % correct below.
 
Answer Stats
Population City % Correct
16.2m İstanbul
99%
25.0m Seoul
98%
4.48m Kabul
95%
4.33m Montréal
95%
1.88m Liverpool
92%
3.20m Guayaquil
80%
1.01m Banjul
74%
1.43m Mosul
64%
1.43m Natal
59%
1.12m Erbil
55%
2.48m Bhopal
48%
1.64m Asansol
11%
No matching quizzes found
Score Distribution
Percent of People with Each Score
Percentile by Number Answered
Your Score History
You have not taken this quiz